[Event "ch-Commonwealth"]
[Site "Mumbai IND"]
[Date "2004.01.15"]
[Round "6"]
[White "Berezina,I"]
[Black "Shetty,R"]
[Result "1/2-1/2"]
[WhiteElo "2281"]
[BlackElo "2382"]

1.Nf3 d5 2.g3 Bg4 3.Bg2 Nd7 4.c4 e6 5.O-O c6 6.cxd5 exd5 7.h3 Bxf3 8.Bxf3 Ngf6
9.d3 Bc5 10.Nc3 O-O 11.Bg2 Re8 12.Qc2 h6 13.Bd2 Qe7 14.Rae1 Rad8 15.e3 a6
16.Kh2 Qd6 17.Ne2 Nf8 18.Bc3 Bb4 19.Rc1 Bxc3 20.Qxc3 Ne6 21.Nd4 Qe5 22.Nxe6 Qxc3
23.Rxc3 Rxe6 24.d4 Ne4 25.Bxe4 Rxe4 26.Rfc1 f5 27.Kg2 g5 28.f3 Re6 29.Kf2 Kf7
30.Rh1 f4 31.h4 fxe3+ 32.Rxe3 Rxe3 33.Kxe3 Re8+ 34.Kd2 Kg6 35.hxg5 hxg5 36.Rh2 Rf8
37.Ke3 Re8+  1/2-1/2

[Event "ch-Commonwealth"]
[Site "Mumbai IND"]
[Date "2004.01.15"]
[Round "6"]
[White "Yogesh,G"]
[Black "Ravi,TeS"]
[Result "1-0"]
[WhiteElo "2268"]
[BlackElo "2069"]

1.Nf3 d5 2.g3 c6 3.d3 Nf6 4.Nbd2 Bg4 5.Bg2 Nbd7 6.h3 Bh5 7.e4 e5 8.Qe2 Bd6
9.g4 Bg6 10.Nh4 dxe4 11.dxe4 Nc5 12.Nf5 Ne6 13.Nc4 Bc7 14.Be3 Bxf5 15.Rd1 Qe7
16.exf5 Nf4 17.Bxf4 exf4 18.g5 Nd7 19.Rd4 f6 20.Re4 Ne5 21.O-O O-O 22.g6 h6
23.Re1 Qc5 24.b4 Qb5 25.Bf1 Kh8 26.Nxe5 fxe5 27.Qg4 Qb6 28.Bc4 Qxb4 29.Bf7 Qd6
30.Rd1 Qe7 31.Qxf4 Qxf7 32.gxf7 exf4 33.Rd2 Bb6 34.Kg2 g5 35.fxg6 Kg7 36.Re6 Rad8
37.Rxd8 Bxd8 38.Kf3 Bf6 39.Re8 Bg5 40.Kg4 Bf6 41.Kxf4 Bd4 42.f3 Bc5 43.Kf5 h5
44.h4 Rh8 45.f4 a5 46.Kg5 Ba3 47.Kf5 Rf8 48.Kg5 Rh8 49.Rxh8 Kxh8 50.f5 Bc1+
51.Kxh5 Kg7 52.f6+ Kf8 53.Kg4 b5 54.Kf5 a4 55.Ke6 Bh6 56.g7+  1-0

[Event "GMB"]
[Site "Wijk aan Zee NED"]
[Date "2004.01.15"]
[Round "5"]
[White "Bruzon,L"]
[Black "Fressinet,L"]
[Result "1/2-1/2"]
[WhiteElo "2603"]
[BlackElo "2636"]

1.Nf3 d5 2.g3 Bg4 3.Bg2 Nd7 4.c4 e6 5.d3 Ngf6 6.O-O Bc5 7.cxd5 exd5 8.Nc3 c6
9.Qb3 Qc8 10.e4 dxe4 11.dxe4 O-O 12.Qc2 Re8 13.Bf4 Nf8 14.Na4 Be7 15.Rae1 N6d7
16.h3 Bh5 17.Nd4 Ne6 18.Nf5 Bb4 19.Bd2 Bf8 20.f4 f6 21.Nc3 Qc7 22.Be3 Rad8
23.Nd1 Bb4 24.Nc3 Bf8 25.Nd1 Bb4  1/2-1/2

[Event "XXIX Open"]
[Site "Seville ESP"]
[Date "2004.01.16"]
[Round "8"]
[White "Garcia Luque,A"]
[Black "Perez,Rod"]
[Result "1-0"]
[WhiteElo "2413"]
[BlackElo "2458"]

1.Nf3 d5 2.g3 Nf6 3.Bg2 e6 4.O-O Be7 5.d3 O-O 6.Nbd2 c5 7.e4 Nc6 8.Re1 b5
9.e5 Nd7 10.Nf1 a5 11.h4 b4 12.Bf4 Ba6 13.Ng5 Qe8 14.Qg4 Kh8 15.h5 a4 16.h6 g6
17.b3 Bb5 18.Rac1 axb3 19.axb3 Ra2 20.Nf3 Qd8 21.N1h2 Nb6 22.Bg5 Bxg5 23.Nxg5 Nd4
24.Qf4 Qe7 25.Ng4 Nd7 26.Ne3 Nc6 27.Bxd5 Ncxe5 28.Ng4 Nxg4 29.Qxg4 Nf6 30.Qf3 Bd7
31.Bc4 Rfa8 32.Qf4 Kg8 33.Qe5 Ne8 34.Re4 R2a5 35.Rce1 R8a7 36.Rf4 f6 37.Bxe6+ Bxe6
38.Qxe6+ Qxe6 39.Rxe6 Ra8 40.Rfe4 fxg5 41.Rxe8+ Rxe8 42.Rxe8+ Kf7 43.Rh8  1-0

[Event "ch-Kiev"]
[Site "Kiev UKR"]
[Date "2004.01.17"]
[Round "2"]
[White "Brozhik,V"]
[Black "Dziadyk,P"]
[Result "0-1"]
[WhiteElo "2140"]
[BlackElo "2275"]

1.g3 d5 2.Nf3 Nf6 3.Bg2 c6 4.O-O Bg4 5.c4 Nbd7 6.Qb3 Nc5 7.Qc2 Bxf3 8.Bxf3 e5
9.cxd5 cxd5 10.b4 Ne6 11.Bb2 Bd6 12.d3 O-O 13.Qb3 a5 14.bxa5 Qxa5 15.Bc3 Qc7
16.a4 e4 17.Bg2 Be5 18.Qb2 d4 19.Bb4 Rfc8 20.Na3 Qb8 21.Nb5 Nc5 22.Bxc5 Rxc5
23.f4 exf3 24.Rxf3 Ng4 25.Qb3 Bf6 26.Qb4 Qe5 27.h3 Ne3 28.Na3 Rac8 29.Re1 h5
30.Qxb7 Rc1 31.Kh2 Rxe1 32.Qxc8+ Kh7 33.Rf2 h4 34.Be4+ g6 35.Rf3 hxg3+  0-1

[Event "4NCL"]
[Site "West Bromwich ENG"]
[Date "2004.01.17"]
[Round "3"]
[White "Kosten,A"]
[Black "Taylor,Mart"]
[Result "1-0"]
[WhiteElo "2507"]
[BlackElo "2332"]

1.Nf3 d5 2.g3 Nf6 3.Bg2 Nbd7 4.c4 e6 5.O-O Be7 6.b3 O-O 7.Bb2 c5 8.e3 b6
9.Qe2 Bb7 10.Nc3 Rc8 11.Rfd1 Qc7 12.Rac1 Rfd8 13.Nh4 Bf8 14.cxd5 exd5 15.d4 Qb8
16.dxc5 Nxc5 17.Nb5 Nfe4 18.Nf5 Ba6 19.f3 Ng5 20.f4 Nge6 21.Bxd5 Rxd5 22.Rxd5 Bxb5
23.Qxb5 Nc7 24.Rdxc5 Bxc5 25.Qc6 Ne6 26.Ne7+  1-0

[Event "ch-Commonwealth"]
[Site "Mumbai IND"]
[Date "2004.01.18"]
[Round "9"]
[White "Safin,S"]
[Black "Mohota,N"]
[Result "1/2-1/2"]
[WhiteElo "2528"]
[BlackElo "2337"]

1.Nf3 d5 2.g3 Nf6 3.Bg2 Bf5 4.O-O e6 5.d3 h6 6.c4 c6 7.cxd5 exd5 8.Nbd2 Be7
9.b3 O-O 10.Bb2 Nbd7 11.Re1 Bh7 12.Qc2 Re8 13.h3 Qc7 14.e4 dxe4 15.dxe4 Rad8
16.Nf1 Qa5 17.N3d2 Ne5 18.Nc4 Nxc4 19.Qxc4 Qb4 20.Rac1 Qxc4 21.Rxc4 Nd7 22.Rd1 Nb6
23.Rcc1 f6 24.Rxd8 Rxd8 25.f4 a5 26.Kf2 a4 27.Ke3 axb3 28.axb3 Kf8 29.Nd2 Nd7
30.Bd4 Bb4 31.Nc4 Nc5 32.Bxc5+ Bxc5+ 33.Ke2 Bb4 34.Rd1 Ra8 35.Rd7 Ra7 36.Kf1  1/2-1/2

[Event "1st WinTV Open"]
[Site "Chennai IND"]
[Date "2004.01.23"]
[Round "4"]
[White "Sharma,RP"]
[Black "Sharma,D"]
[Result "1/2-1/2"]
[WhiteElo "2279"]
[BlackElo "2373"]

1.Nf3 d5 2.g3 c6 3.Bg2 Bg4 4.d3 Nd7 5.O-O Ngf6 6.h3 Bh5 7.Nbd2 e5 8.e4 dxe4
9.dxe4 Bc5 10.Qe1 O-O 11.Nc4 Re8 12.a4 Nb6 13.Na5 Qc7 14.Nh4 Nc8 15.Kh1 Nd7
16.g4 Bg6 17.Nc4 Bf8 18.f4  1/2-1/2

[Event "1st WinTV Open"]
[Site "Chennai IND"]
[Date "2004.01.23"]
[Round "4"]
[White "Venkatesh,H"]
[Black "Natarajan,C"]
[Result "1-0"]
[WhiteElo "2094"]
[BlackElo "2261"]

1.Nf3 d5 2.g3 c6 3.Bg2 Bg4 4.d3 Nd7 5.Nbd2 e6 6.h3 Bh5 7.O-O Bd6 8.e4 Ne7
9.Qe1 O-O 10.Nh2 Qc7 11.f4 f6 12.Ndf3 e5 13.f5 Bf7 14.g4 dxe4 15.dxe4 Bc5+
16.Kh1 Bc4 17.g5 Bxf1 18.Bxf1 b5 19.Qh4 Qb6 20.Ng4 Rad8 21.Bd3 Qc7 22.Bd2 Qd6
23.Re1 Rf7 24.Re2 fxg5 25.Nxg5 Nf6 26.Nxf6+ gxf6 27.Nxf7 Kxf7 28.Qh5+ Kg7
29.Qh6+ Kh8 30.b4 Bxb4 31.Bxb4 Nxf5 32.exf5 Qd5+ 33.Be4 Qf7 34.Rd2  1-0

[Event "TCh-AUT 2003-4"]
[Site "Velden AUT"]
[Date "2004.01.23"]
[Round "5"]
[White "Ellers,H"]
[Black "Perhinig,R"]
[Result "1-0"]
[WhiteElo "2402"]
[BlackElo "2228"]

1.Nf3 d5 2.g3 Nf6 3.Bg2 g6 4.b3 Bg7 5.Bb2 O-O 6.O-O c6 7.e3 Bg4 8.h3 Bxf3
9.Qxf3 Nbd7 10.d3 Qc7 11.Qe2 Nh5 12.c4 e6 13.Rc1 Bxb2 14.Qxb2 Qe5 15.d4 Qd6
16.Nd2 f5 17.b4 a6 18.a4 Ndf6 19.Nf3 Nd7 20.b5 axb5 21.axb5 Rxa1 22.Qxa1 cxb5
23.cxd5 exd5 24.Qa5 b4 25.Qb5 Nhf6 26.Rb1 Rc8 27.Qxb4 Qxb4 28.Rxb4 Rc7 29.Rb5 Ne4
30.Bf1 Ndf6 31.Rb2 Nd6 32.Kg2 Nfe4 33.Ne1 g5 34.Nd3 Kf7 35.Ne5+ Ke6 36.f3 Nf6
37.Nd3 Nc4 38.Re2 b6 39.Kf2 Ra7 40.Nc1 h5 41.Ra2 Rxa2+ 42.Nxa2 b5 43.Nb4 h4
44.gxh4 gxh4 45.Na6 f4 46.Nc5+ Kd6 47.e4 Nh5 48.Nd3 Nd2 49.e5+ Ke7 50.Nb4 Nxf1
51.Kxf1 Ke6 52.Ke2 Ng3+ 53.Kd2 Nf1+ 54.Kd3 Ne3 55.Nc2 Nd1 56.Ke2 Nb2 57.Ne1 Kf5
58.Kd2 Nc4+ 59.Kc3 Ne3 60.Kb4 Nd1 61.Kxb5 Nf2 62.Kc6 Nxh3 63.Ng2 Ng5 64.Nxh4+ Ke6
65.Kc5 Ne4+ 66.fxe4 dxe4 67.Ng2 Kf5 68.Nxf4 Kxf4  1-0

[Event "1st WinTV Open"]
[Site "Chennai IND"]
[Date "2004.01.24"]
[Round "5"]
[White "Balasubramaniun,R"]
[Black "Chole,V"]
[Result "1-0"]
[WhiteElo "2408"]
[BlackElo "2095"]

1.Nf3 d5 2.g3 Nf6 3.Bg2 Bf5 4.d3 e6 5.Nbd2 h6 6.O-O Be7 7.c4 c6 8.b3 O-O
9.Bb2 Nbd7 10.Qc2 Qc7 11.cxd5 exd5 12.Nd4 Bh7 13.Bh3 Rfe8 14.Nf5 Bxf5 15.Bxf5 Bd6
16.Nf3 Ne5 17.Nh4 g6 18.Bh3 Qe7 19.Bg2 Ned7 20.e4 dxe4 21.dxe4 Be5 22.Bxe5 Qxe5
23.Rad1 Rad8 24.Rfe1 Kh7 25.Qc4 Kg7 26.Qb4 Qc7 27.Qc3 Qe5 28.Qe3 Qc5 29.Qd4 Qxd4
30.Rxd4 Nc5 31.Rxd8 Rxd8 32.e5 Nd5 33.Rd1 Ne6 34.Bxd5 Rxd5 35.Rxd5 cxd5 36.f4 Nc5
37.Kf2 Nd3+ 38.Ke3 Nc1 39.Kd4 Nxa2 40.Kxd5 a5 41.Nf3 b5 42.Kc5 a4 43.bxa4 bxa4
44.Kb5 Nc3+ 45.Kb4 Ne4 46.Kxa4 f6 47.Kb4 fxe5 48.fxe5 Kf7 49.Kc4 Ke6 50.Kd4 Nf2
51.Ke3 Ng4+ 52.Kd4 g5 53.h4 gxh4 54.gxh4 Nf2 55.Ke3 Ng4+ 56.Kf4 Nf2 57.Nd4+ Ke7
58.e6 Nd3+ 59.Kf5 Nc5 60.Nc6+  1-0

[Event "TCh-BEL 2003-4"]
[Site "Belgium BEL"]
[Date "2004.01.25"]
[Round "2"]
[White "Carlier,B"]
[Black "L'Ami,E"]
[Result "1/2-1/2"]
[WhiteElo "2415"]
[BlackElo "2476"]

1.Nf3 d5 2.g3 Nf6 3.Bg2 c5 4.O-O Nc6 5.d4 Bg4 6.dxc5 e6 7.c4 Bxc5 8.cxd5 Nxd5
9.Qa4 Bxf3 10.Bxf3 O-O 11.Nc3 Nxc3 12.bxc3 Rc8 13.Rb1 Qe7 14.Rb3 Rfd8 15.Ba3 Bxa3
16.Qxa3 Qxa3 17.Rxa3 a6 18.Rb1 Rd7 19.Rab3 Na5 20.Rb6 g5 21.Bxb7 Nxb7 22.Rxb7 Rxb7
23.Rxb7 Rxc3 24.Rb2 Kg7 25.Kg2 Kg6 26.h3 h5 27.g4 h4 28.e3 Kf6 29.Rb4 Ra3
30.Rb2 Ke5 31.Rc2 Ke4 32.Rc4+ Kd5 33.Rc2 a5 34.Kf3 a4 35.Ke2 f5 36.gxf5 exf5
37.Kf3 Kd6 38.Kg2 Rd3 39.Rc4 Ra3 40.Rc2 Ke5 41.Rd2 g4 42.hxg4 fxg4 43.Rd4 Kf5  1/2-1/2

[Event "1st WinTV Open"]
[Site "Chennai IND"]
[Date "2004.01.25"]
[Round "6"]
[White "Pradeep,KR"]
[Black "Nasir Ali,S"]
[Result "1-0"]
[WhiteElo "1955"]
[BlackElo "2190"]

1.Nf3 d5 2.g3 Bf5 3.Bg2 c6 4.O-O Nd7 5.d3 Ngf6 6.Nbd2 e6 7.c4 Bc5 8.a3 a5
9.b3 h6 10.Rb1 Qe7 11.Ra1 O-O 12.Bb2 e5 13.cxd5 cxd5 14.d4 exd4 15.Nxd4 Bg6
16.N2f3 Rfe8 17.e3 Bh7 18.Nb5 Rac8 19.Bd4 Bxd4 20.Nfxd4 Nc5 21.Qd2 Bd3 22.Bh3 Bxf1
23.Rxf1 Nfe4 24.Qe2 Rcd8 25.Nf5 Qf6 26.Nc7 Re5 27.g4 Qc6 28.Nb5 Nxb3 29.f4 Rxf5
30.gxf5 Qc4 31.Re1 Qxe2 32.Rxe2 a4 33.Kg2  1-0

[Event "X It Chiuso"]
[Site "Montecatini Terme ITA"]
[Date "2004.01.25"]
[Round "2"]
[White "Di Caro,C"]
[Black "Sabia,C"]
[Result "1-0"]
[WhiteElo "2297"]
[BlackElo "2148"]

1.Nf3 d5 2.g3 c6 3.Bg2 Bg4 4.O-O Nd7 5.c4 e6 6.d3 Ngf6 7.cxd5 exd5 8.Nc3 Bd6
9.h3 Bh5 10.e4 O-O 11.Be3 b6 12.g4 Bg6 13.Nd4 dxe4 14.Nxc6 Qc7 15.Nd4 Rae8
16.Ncb5 Qc5 17.dxe4 Nxe4 18.Rc1 Qb4 19.a3 Qxb2 20.Rc2  1-0

[Event "Winter Open"]
[Site "Belgrade SCG"]
[Date "2004.01.27"]
[Round "7"]
[White "Kocic,S"]
[Black "Lundin,J"]
[Result "1/2-1/2"]
[WhiteElo "2267"]
[BlackElo "2224"]

1.Nf3 d5 2.g3 c5 3.Bg2 Nc6 4.d4 Nf6 5.O-O e6 6.c4 Be7 7.cxd5 exd5 8.b3 O-O
9.Bb2 Bg4 10.dxc5 Bxc5 11.Nc3 Re8 12.Rc1 a6 13.h3 Be6 14.Na4 Ba7 15.Nc5 Ne4
16.Nxe6 fxe6 17.Nd4 Nxg3 18.fxg3 e5 19.Kh2 exd4 20.Rf5 Kh8 21.Rxd5 Qe7 22.Rf5 Rad8
23.Qd2 Bb8 24.Rcf1 Qd6 25.Qg5 h6 26.Qg4 Re3 27.R1f4 Ne5 28.Rxe5 Qxe5 29.Bf3 Ba7
30.Rf7 Re8 31.Rxb7 Rxe2+ 32.Bxe2 Qxe2+ 33.Qxe2 Rxe2+ 34.Kg1 Rxb2 35.Rxa7 d3
36.Rd7 d2 37.Kf1 Rxa2 38.Ke2 Rb2 39.Rxd2 Rxb3 40.Rd8+ Kh7 41.Kf2 a5 42.Ra8 Ra3
43.Ra6 a4 44.Kg2 Ra2+ 45.Kf3 a3 46.Kg4 Ra1 47.Kh4 g6  1/2-1/2

[Event "1st WinTV Open"]
[Site "Chennai IND"]
[Date "2004.01.27"]
[Round "8"]
[White "Suresh,KT"]
[Black "Deshmukh,A"]
[Result "1/2-1/2"]
[WhiteElo "2219"]
[BlackElo "2340"]

1.Nf3 d5 2.g3 c6 3.Bg2 Bg4 4.O-O Nd7 5.d3 Ngf6 6.Nbd2 Qc7 7.c4 e6 8.a3 a5
9.b3 Be7 10.Bb2 O-O 11.h3 Bh5 12.Qc2 Rfe8 13.e4 Bg6 14.Nh4 b5 15.Nxg6 hxg6
16.Rfc1 dxc4 17.dxc4 b4 18.a4 Bc5 19.Nf1 e5 20.Nd2 Nh5 21.Kf1 Nf8 22.Nf3 f6
23.h4 Rad8 24.Bh3 Qe7 25.Rd1 Ne6 26.Rxd8 Rxd8 27.Rd1 Nd4 28.Bxd4 exd4 29.Qd3 Bb6
30.Bg4  1/2-1/2

[Event "Testa GM"]
[Site "Griesheim GER"]
[Date "2004.01.27"]
[Round "8"]
[White "Prusikin,M"]
[Black "Drabke,L"]
[Result "1-0"]
[WhiteElo "2519"]
[BlackElo "2439"]

1.Nf3 d5 2.g3 c6 3.Bg2 Bg4 4.O-O Nd7 5.d3 e6 6.Nbd2 Bd6 7.e4 Ne7 8.Re1 O-O
9.h3 Bh5 10.Nf1 c5 11.c3 Bc7 12.Be3 b5 13.a4 b4 14.Qc2 bxc3 15.bxc3 Bd6 16.N3d2 Qc7
17.f4 f6 18.Bf2 Bf7 19.Ne3 Rab8 20.a5 g5 21.exd5 exd5 22.fxg5 Bxg3 23.Bxg3 Qxg3
24.Ng4 Nf5 25.Nf1 Qd6 26.gxf6 Nxf6 27.Nxf6+ Qxf6 28.Qf2 d4 29.cxd4 cxd4 30.Ng3 Bg6
31.Nxf5 Bxf5 32.Ra4 Bxd3 33.Qxf6 Rxf6 34.Rxd4 Rb1 35.Rxb1 Bxb1 36.Bb7 a6
37.Rb4 Bd3 38.Rb6 Kg7 39.Kh2 Rg6 40.h4 Be2 41.Rxg6+ Kxg6 42.Be4+ Kh5 43.Kg3 h6
44.Bf5 Bb5 45.Bg4+ Kg6 46.Kf4 Kf6 47.Ke4 Ke7 48.Kd5 Kd8 49.Kd6 Bf1 50.Ke6 Kc7
51.Kf6 Kc6 52.Kg6 Kb5 53.Kxh6 Kxa5 54.Kg5 Bd3 55.h5 Kb4 56.h6 Bh7 57.Bf5 Bg8
58.Kf6 a5 59.Kg7  1-0

[Event "X It Chiuso"]
[Site "Montecatini Terme ITA"]
[Date "2004.01.27"]
[Round "4"]
[White "Di Caro,C"]
[Black "Tocchioni,D"]
[Result "1/2-1/2"]
[WhiteElo "2297"]
[BlackElo "2249"]

1.g3 d5 2.Nf3 Nf6 3.Bg2 g6 4.c4 Bg7 5.Qa4+ c6 6.cxd5 Nxd5 7.O-O Nd7 8.d3 O-O
9.Nbd2 b5 10.Qc2 Bb7 11.Ne4 Qb6 12.Bd2 c5 13.Rac1 Rac8 14.Qb1 a5 15.Rfd1 Rc7
16.Be1 Re8 17.Ned2 a4 18.Ne4 Qa6 19.d4 c4  1/2-1/2

[Event "1st WinTV Open"]
[Site "Chennai IND"]
[Date "2004.01.28"]
[Round "9"]
[White "Pradeep,KR"]
[Black "Shantharam,K"]
[Result "0-1"]
[WhiteElo "1955"]
[BlackElo "2211"]

1.Nf3 d5 2.g3 c6 3.Bg2 Nf6 4.O-O Bf5 5.d3 e6 6.Nbd2 Nbd7 7.c4 h6 8.b3 a5
9.Bb2 Bc5 10.a3 O-O 11.Ne5 Nxe5 12.Bxe5 Ng4 13.Bb2 Qb6 14.Qe1 Bd4 15.Bxd4 Qxd4
16.Nf3 Qb2 17.Qd2 Qxd2 18.Nxd2 Rfd8 19.Rfb1 Ne5 20.cxd5 cxd5 21.b4 axb4 22.Rxb4 Rd7
23.Rab1 Rxa3 24.Rxb7 Rxb7 25.Rxb7 Ra2 26.e4 Rxd2 27.exf5 Rd1+ 28.Bf1 Nxd3
29.fxe6 fxe6 30.Kg2 Ne1+ 31.Kh3 Rd2 32.Rb1 Nf3 33.Kg2 Ng5 34.Re1 Ne4 35.Be2 Kf7
36.Kf3 Ra2 37.Rc1 Kf6 38.h4 Ra3+ 39.Kg2 Nc3 40.Bg4 e5 41.Kf1 e4 42.Ke1 d4
43.Kd2 Ke5 44.Rc2 Ra1 45.Rc1 Ra7 46.Bh5 Ra6 47.Rc2 g6 48.Bg4 Ra1 49.Rc1 e3+
50.fxe3 dxe3+ 51.Kc2 Rxc1+ 52.Kxc1 Ne4  0-1

[Event "1st WinTV Open"]
[Site "Chennai IND"]
[Date "2004.01.29"]
[Round "10"]
[White "Parikh,V"]
[Black "Syed Anwar,S"]
[Result "1-0"]
[WhiteElo "2374"]
[BlackElo "2280"]

1.Nf3 d5 2.g3 Nf6 3.Bg2 Bf5 4.O-O h6 5.c4 e6 6.Qb3 Qc8 7.Nc3 c6 8.d3 Nbd7
9.cxd5 exd5 10.e4 dxe4 11.dxe4 Be6 12.Qc2 Be7 13.Nd4 Ne5 14.f4 Nc4 15.b3 Na3
16.Bxa3 Bxa3 17.f5 Qd8 18.Rad1 Bc8 19.e5 Nd5 20.Bxd5 cxd5 21.b4  1-0

[Event "1st WinTV Open"]
[Site "Chennai IND"]
[Date "2004.01.30"]
[Round "11"]
[White "Balasubramaniun,R"]
[Black "Nasir Ali,S"]
[Result "0-1"]
[WhiteElo "2408"]
[BlackElo "2190"]

1.Nf3 d5 2.g3 Nf6 3.Bg2 c6 4.d3 h6 5.Nbd2 Bf5 6.O-O e6 7.Qe1 Bh7 8.e4 Bc5
9.Qe2 O-O 10.b3 a5 11.Bb2 Na6 12.a3 Ba7 13.Rad1 Nc5 14.Ne5 Qe7 15.Kh1 Rad8
16.f4 Ncd7 17.Rde1 Bc5 18.Nxd7 Rxd7 19.exd5 cxd5 20.a4 Bb4 21.c3 Ba3 22.Ba1 Qd6
23.Nf3 Qb6 24.Ne5 Rc7 25.Rb1 Bd6 26.c4 Bb4 27.Rbd1 Rd8 28.g4 Bf8 29.g5 hxg5
30.fxg5 Ne8 31.g6 Bxg6 32.Nxg6 fxg6 33.cxd5 exd5 34.Qg4 Rf7 35.Rxf7 Kxf7
36.Qg5 Nf6 37.Rf1 Qe6 38.Bd4 Be7 39.Bc3 b6 40.Bd4 Bc5 41.Be5 Be7 42.d4 Qc6
43.Bf3 Qc3 44.Bd1 Qd3 45.Qg2 g5 46.Bc2 Qc3 47.Bc7 Qxc7 48.Bf5 Rh8 49.Qe2 Qd6
50.h3 g6 51.Bg4 Kg7 52.Re1 Ne4 53.Qe3 Qf4 54.Kg2 Bd6 55.Qxf4 gxf4 56.Rc1 Rb8  0-1

[Event "75th ch-GER"]
[Site "Hoeckendorf GER"]
[Date "2004.01.30"]
[Round "1"]
[White "Schebler,G"]
[Black "Preiss,M"]
[Result "1/2-1/2"]
[WhiteElo "2480"]
[BlackElo "2304"]

1.Nf3 d5 2.g3 e6 3.Bg2 Nf6 4.O-O c5 5.c4 Nc6 6.cxd5 exd5 7.d4 Be7 8.Be3 c4
9.Ne5 h6 10.b3 cxb3 11.Qxb3 O-O 12.Rc1 Na5 13.Qa4 a6 14.Bd2 Nc4 15.Nxc4 b5
16.Qa5 bxc4 17.Qxd8 Rxd8 18.Ba5 Rd7 19.Nc3 Rb8 20.a4 g5 21.Kf1 Rb3 22.Rcb1 Rxb1+
23.Rxb1 Rb7 24.Rxb7 Bxb7 25.Ke1 Kf8 26.Kd2 Ke8 27.f3 Ba3 28.Bh3 h5 29.Bf5 Ng8
30.Bc2 Ne7 31.e4 Kd7 32.Nb1 Bd6 33.e5 Bc7 34.Bxc7 Kxc7 35.Nc3 Bc8 36.f4 gxf4
37.gxf4 Kc6 38.a5 Bf5 39.Ba4+ Kc7 40.Na2 Bd7 41.Bxd7 Kxd7 42.Nb4 Nc6 43.Nxd5 Nxd4
44.Kc3 Nf3 45.Nf6+ Kc6 46.Kxc4 h4 47.Ng4 Nd2+ 48.Kc3 Nf3 49.Kd3 Kc5 50.Ke3 Nd4
51.Nh6 Nc6 52.Nxf7 Nxa5 53.e6 Nc6 54.Ke4 a5 55.Ne5 Ne7 56.f5 Nd5 57.Kd3 a4
58.Ng6 a3 59.Kc2 Ne3+ 60.Kb3 Nxf5 61.e7 Ng7 62.Nxh4 Kd5 63.Kxa3  1/2-1/2

[Event "75th ch-GER"]
[Site "Hoeckendorf GER"]
[Date "2004.01.30"]
[Round "1"]
[White "Muse,M"]
[Black "Degtiarev,E"]
[Result "1/2-1/2"]
[WhiteElo "2452"]
[BlackElo "2281"]

1.Nf3 d5 2.g3 Nf6 3.Bg2 g6 4.b3 Bg7 5.Bb2 O-O 6.c4 c6 7.O-O Bg4 8.Na3 Re8
9.Nc2 Bxf3 10.Bxf3 e5 11.d3 a5 12.Bg2 Nbd7 13.cxd5 Nxd5 14.Na3 N7b6 15.Qd2 Bf8
16.Nc4 Nxc4 17.bxc4 Nb6 18.Qc2 Nd7 19.Rab1 Bb4 20.Bc1 Qc7 21.e3 b6 22.d4 Bd6
23.Rd1 exd4 24.exd4 Rad8 25.Bg5 Be7 26.Be3 c5 27.d5 Bd6 28.Re1 Re5 29.Bd2 Rde8
30.Qa4 Rxe1+ 31.Rxe1 Rxe1+ 32.Bxe1 f5 33.Bc3 Kf7 34.f4 Qd8 35.Qc6 Qc7 36.Bf3 Nf6
37.Qa8 Qb8 38.Qc6 Qc7 39.Qa8 Qb8 40.Qa6 Qe8 41.Qb7+ Qe7 42.Qxe7+ Kxe7 43.Kf2 h5
44.Ke3 Nd7 45.Kd3 Kd8 46.Kc2 Be7 47.h3 Bf6 48.Be1 Bd4 49.g4 hxg4 50.hxg4 Nf6
51.Bh4 Kc7 52.gxf5 gxf5 53.Kd3 Ne8 54.Bg2 Kd7 55.Bh3 Nd6 56.Bg5 Bg7 57.Bh4 Bb2
58.Bf2 Bc1 59.Bg3 Ke8 60.Kc2 Be3 61.Kd3 Bc1 62.Bf1 Ne4 63.Bh2 Nd6 64.Kc2 Be3
65.Bd3 Kd7 66.Bg3 Bd4 67.Bh4 Be3 68.Bg3 Bd4 69.Bh4 Be3 70.Bg5 Nf7 71.Bxf5+ Kd6
72.Kd3 Bc1 73.Bf6 Bxf4 74.Be6 Bg5 75.Bg7 Ne5+ 76.Kc3 Nf3 77.Bg4 Nd4 78.Kd3 b5
79.Bf8+ Be7 80.Bh6 Bf6 81.Bf8+ Be7 82.Bxe7+ Kxe7 83.cxb5 Nxb5 84.Kc4 Nd6+
85.Kxc5 Ne4+ 86.Kd4 Nf6  1/2-1/2

[Event "X It Chiuso"]
[Site "Montecatini Terme ITA"]
[Date "2004.01.31"]
[Round "10"]
[White "Squarci,F"]
[Black "Tocchioni,D"]
[Result "0-1"]
[WhiteElo "2016"]
[BlackElo "2249"]

1.Nf3 d5 2.g3 c6 3.Bg2 Bg4 4.O-O Nd7 5.b3 Ngf6 6.Bb2 h5 7.d3 Bxf3 8.Bxf3 h4
9.e3 e6 10.Nc3 Bd6 11.Ne2 Qc7 12.Nf4 g5 13.Nh5 Rh6 14.Bg4 O-O-O 15.Nxf6 Nxf6
16.Qf3 Qe7 17.e4 Bc5 18.e5 Nxg4 19.Qxg4 hxg3 20.hxg3 Rdh8 21.d4 Rh1+ 22.Kg2 R1h2+
23.Kg1 f5 24.exf6 Qxf6 25.f3 Rxc2 26.Rfe1 Rh1+ 27.Kxh1 Qh6+  0-1

[Event "TCh-FRA Nat1 GpA"]
[Site "Nancy FRA"]
[Date "2004.01.31"]
[Round "2"]
[White "Roos,D"]
[Black "Pelletier,Y"]
[Result "0-1"]
[WhiteElo "2411"]
[BlackElo "2587"]

1.Nf3 d5 2.g3 g6 3.Bg2 Bg7 4.d4 Nh6 5.O-O Nf5 6.c3 Nd7 7.Qb3 Nf6 8.Bf4 O-O
9.Be5 Bh6 10.Bxf6 exf6 11.Nbd2 c6 12.Rfe1 Nd6 13.e4 dxe4 14.Nxe4 Be6 15.Qc2 Nxe4
16.Qxe4 a5 17.b3 a4 18.c4 Qa5 19.Rad1 Bf5 20.Qh4 Kg7 21.d5 Bc2 22.dxc6 Bxd1
23.Rxd1 bxc6 24.Nd4 axb3 25.axb3 Rfe8 26.Nxc6 Qc3 27.Rf1 Ra1 28.Qd4 Rxf1+
29.Bxf1 Qxb3 30.Qd5 Qb7 31.h4 Re1 32.Kg2 Bc1 33.Nd4 Qb2 34.Kg1 Qd2 35.Kg2 Qb2
36.Kg1 Qd2 37.Kg2 Qa2 38.Bd3 Rd1 39.Qf3 Rd2 40.Ne2 Ba3 41.Qe3 Bc5 42.Qxc5 Qa8+
43.Kh2 Rxd3 44.Nf4 Rd1 45.Nd5 Qe8 46.Qb6 Qe6 47.Qb2 Qe5 48.Qb6 Rc1 49.Qc6 Rc2
50.Qc5 Qe4  0-1

[Event "TCh-FRA Nat1 GpB"]
[Site "Cannes FRA"]
[Date "2004.02.01"]
[Round "3"]
[White "Dorfman,J"]
[Black "Flear,G"]
[Result "1-0"]
[WhiteElo "2608"]
[BlackElo "2489"]

1.Nf3 d5 2.g3 c5 3.Bg2 Nc6 4.d4 e6 5.O-O Qb6 6.e3 Nf6 7.b3 Be7 8.c4 dxc4
9.bxc4 O-O 10.Nc3 cxd4 11.exd4 Rd8 12.Be3 Ng4 13.Qc2 Nxe3 14.fxe3 Bd7 15.Rab1 Qa6
16.c5 Rac8 17.Kh1 b6 18.d5 exd5 19.Nxd5 Be8 20.Qe4 Rxd5 21.Qxd5 Bxc5 22.Ng5 Ne7
23.Qe4 Ng6 24.Qf5 f6 25.Bd5+ Kh8 26.Nxh7 Bxe3 27.Nxf6 gxf6 28.Qe6 Kg7 29.Qxe3 Bc6
30.Qe6 Bxd5+ 31.Qxd5 Ne5 32.Rfc1 Rxc1+ 33.Rxc1 Qe2 34.Qg2 Qe3 35.Rf1 Qd3
36.h3 Kg8 37.Kh2 f5 38.Qf2 b5 39.g4 fxg4 40.Qf8+ Kh7 41.Qf5+ Kh6 42.Qxd3 Nxd3
43.hxg4  1-0

[Event "TCh-FRA Nat1 GpA"]
[Site "Evry FRA"]
[Date "2004.02.01"]
[Round "3"]
[White "Beikert,G"]
[Black "Bacrot,E"]
[Result "0-1"]
[WhiteElo "2449"]
[BlackElo "2664"]

1.g3 d5 2.Nf3 Bg4 3.b3 Bxf3 4.exf3 Nf6 5.f4 g6 6.Bh3 Bg7 7.Bb2 e6 8.O-O O-O
9.Re1 c5 10.d3 Nfd7 11.Qc1 Nc6 12.Nd2 Bxb2 13.Qxb2 Qf6 14.Qxf6 Nxf6 15.Bg2 b5
16.c3 a5 17.a4 b4 18.c4 Nd4 19.Rab1 Rac8 20.Kf1 Rfd8 21.Rb2 Kf8 22.Rd1 Ng8
23.Ke1 Re8 24.Nf3 Nxf3+ 25.Bxf3 Ne7 26.Kf1 Red8 27.cxd5 exd5 28.Rc1 Rc6 29.Bg4 h5
30.Bh3 c4 31.dxc4 dxc4 32.bxc4 Rc5 33.Rbc2 Rd3 34.Ke2 Ra3 35.Bd7 Nc8 36.Bxc8 Rxc8
37.c5 Rxa4 38.Kd3 b3 39.Rb2 Rb4 40.Rc4 Rd8+ 41.Kc3 Rxc4+ 42.Kxc4 a4 43.c6 Ke7
44.c7 Ra8 45.Rd2 Rc8 46.Kb4 Rxc7 47.Kxa4 Rc2 48.Rd3 b2 49.Rb3 Rxf2  0-1

[Event "TCh-FRA Nat1 GpA"]
[Site "Evry FRA"]
[Date "2004.02.01"]
[Round "3"]
[White "Sharif,Me"]
[Black "Bergez,L"]
[Result "1-0"]
[WhiteElo "2462"]
[BlackElo "2380"]

1.Nf3 d5 2.g3 Nf6 3.Bg2 e6 4.O-O Be7 5.d4 O-O 6.c4 dxc4 7.Qc2 a6 8.Qxc4 b5
9.Qc2 Bb7 10.Bg5 Nbd7 11.Nbd2 Qc8 12.Rac1 c5 13.Bxf6 gxf6 14.dxc5 Qxc5 15.Qd3 Qd6
16.Qxd6 Bxd6 17.Nd4 Bxg2 18.Kxg2 Rac8 19.Ne4 Rxc1 20.Rxc1 Be5 21.e3 f5 22.Ng5 Bf6
23.Ngf3 Ne5 24.Nxe5 Bxe5 25.Rc6 Ra8 26.b3 Kf8 27.Rb6 Ke8 28.Nxe6 b4 29.Nc5 a5
30.Rb5 Bc7 31.Kf3 Rd8 32.Ke2 Ke7 33.Rb7 Kd6 34.Na6 Kc6 35.Rxc7+ Kb6 36.Rxf7 Kxa6
37.Rxf5  1-0

[Event "IM"]
[Site "Marianske Lazne CZE"]
[Date "2004.02.01"]
[Round "11"]
[White "Cernousek,L"]
[Black "Zavadil,M"]
[Result "0-1"]
[WhiteElo "2375"]
[BlackElo "2157"]

1.Nf3 d5 2.g3 c5 3.Bg2 Nc6 4.d4 e6 5.O-O Nf6 6.c4 Be7 7.Nc3 O-O 8.Bg5 cxd4
9.Nxd4 h6 10.Bf4 Qb6 11.Nxc6 bxc6 12.b3 Ba6 13.Na4 Qa5 14.Bd2 Bb4 15.Bxb4 Qxb4
16.a3 Qe7 17.Qd4 Nd7 18.Rfd1 Rab8 19.Qxa7 Ra8 20.Qe3 Rfe8 21.cxd5 cxd5 22.Rdc1 Qf6
23.Ra2 Rec8 24.h3 Qf5 25.Qd2 Bxe2 26.Rxc8+ Rxc8 27.Qxe2 Qb1+ 28.Bf1 Qxb3
29.Qa6 Rc1 30.Rb2 Qxa3 31.Qb5 Qa1 32.Rb4 Ne5 33.Qe2 Re1 34.Qb5 Nc4  0-1

[Event "9th HIT Open"]
[Site "Nova Gorica SLO"]
[Date "2004.02.01"]
[Round "4"]
[White "Kozul,Z"]
[Black "Gagarin,V"]
[Result "1-0"]
[WhiteElo "2605"]
[BlackElo "2439"]

1.Nf3 d5 2.g3 Bg4 3.Bg2 Nd7 4.O-O Ngf6 5.d3 c6 6.Nbd2 e5 7.e4 dxe4 8.dxe4 Bc5
9.h3 Bh5 10.Qe1 O-O 11.Nb3 Bb6 12.a4 Bxf3 13.Bxf3 a5 14.Bg5 h6 15.Bd2 Nc5
16.Nxc5 Bxc5 17.Bg2 Qb6 18.Bc1 Rfe8 19.Qe2 Rad8 20.Rb1 Qb4 21.b3 Bd4 22.Rd1 Qb6
23.Bd2 Bc5 24.Qf3 Re6 25.Bc3 Bd4 26.Be1 Red6 27.Bf1 Nh7 28.h4 Nf8 29.Bc4 Ne6
30.c3 Bc5 31.Rxd6 Bxd6 32.Qf5 Re8 33.Bd2 Qc7 34.Rd1 Bc5 35.Bc1 Bb6 36.Ba3 Rd8
37.Rxd8+ Nxd8 38.g4 c5 39.g5 hxg5 40.hxg5 Qd6 41.g6 Qf6 42.Qxf6 gxf6 43.gxf7+ Nxf7
44.Bd5 Kg7 45.Bxb7 f5 46.exf5 Kf6 47.Bc1 Kxf5 48.Be3 Nd6 49.Ba6 e4 50.Kf1 Ke5
51.Ke2 Nf5 52.Bg5 Nd6 53.Bd2 Nf5 54.Bc4 Nd6 55.Bg8 Nf5 56.Bg5 Nd6 57.Bh6 Nf5
58.Bf8 Ba7 59.Bh7 Bb6 60.Bxf5 Kxf5 61.c4 Kg5 62.Ke3 Kf5 63.Bd6 Ke6 64.Bg3 Kf5
65.Bb8 Bd8 66.Ba7 Bg5+ 67.Ke2 Be7 68.Bb6 Ke5 69.Bxa5 Kd4 70.Bc7  1-0